| 000 | 00640nam a2200229 a 4500 | ||
|---|---|---|---|
| 001 | BRL_1768 | ||
| 005 | 20190320211347.0 | ||
| 008 | 290715s1988----mx-a######---#000-0#spa-# | ||
| 020 | _a9683801978 | ||
| 041 | _aspa | ||
| 044 | _amx | ||
| 050 | 4 |
_aQK99.M4 _b.G37 1988 |
|
| 100 | 1 |
_aGarcía Rivas, Heriberto _927824 |
|
| 245 | 1 | 0 |
_aPlantas medicinales de México _bdescripción y usos _cHeriberto García Rivas |
| 260 |
_aMéxico _bPanorama _c1988 |
||
| 300 |
_a263 p. _bil. _c18 cm. |
||
| 440 | 0 |
_aColección Panorama. Tradiciones _927825 |
|
| 500 | _aAu2031 | ||
| 650 | 1 | 4 |
_aBotánica _zMéxico _923646 |
| 902 | _aGRL | ||
| 942 |
_2lcc _cB |
||
| 999 |
_c10576 _d10576 |
||